2021 MLB All Star Starters 60 Seconds - Statistics

General Stats
  • This quiz has been taken 106 times
  • The average score is 14 of 17
Answer Stats
Hint Answer % Correct
Royals C Salvador Perez
100%
Yankees OF Aaron Judge
97%
Padres SS Fernando Tatis Jr.
96%
Blue Jays 1B Vladimir Guerrero Jr.
94%
Angels OF Mike Trout
91%
Red Sox 3B Rafael Devers
90%
Angels P/DH Shohei Ohtani
88%
Giants C Buster Posey
84%
Braves 1B Freddie Freeman
84%
Braves OF Ronald Acuna Jr.
84%
Red Sox SS Xander Bogaerts
84%
Cardinals 3B Nolan Arenado
82%
Blue Jays 2B Marcus Semien
78%
Reds OF Nick Castellanos
74%
Reds OF Jesse Winker
72%
Blue Jays OF Teoscar Hernandez
69%
Pirates 2B Adam Frazier
66%
No matching quizzes found
Score Distribution
Percent of People with Each Score
Percentile by Number Answered
Your Score History
You have not taken this quiz